| 000 | 00773nam a22002537a 4500 | ||
|---|---|---|---|
| 003 | dpl | ||
| 005 | 20180623155956.0 | ||
| 008 | 180623b xxu||||| |||| 00| 0 eng d | ||
| 010 | _aA-950815 | ||
| 020 |
_c175.00 _a8120313666 |
||
| 035 | _aA-950815, A-950819 | ||
| 037 | _bCen Lib/Ret | ||
| 040 |
_aDPL _bEN _c0 |
||
| 082 |
_a658.154 _bBUC |
||
| 100 |
_aBuckley, Adrian _9101726 |
||
| 245 |
_aInternational capital budgeting / _cby Adrian Buckley |
||
| 260 |
_aNew Delhi _bPrentice Hall Of India _c1996 |
||
| 270 |
_aM-97, Connaught Circus _bNew Delhi _e110001 |
||
| 300 |
_aix,373p. _c23cm(Hb) |
||
| 500 | _aIncludes index | ||
| 650 |
_aCapital budget _934221 |
||
| 650 |
_aCorporations -- Finance _913731 |
||
| 942 |
_2ddc _cEN _h658.154 _mBUC |
||
| 999 |
_c132284 _d132284 |
||